000 00805nam a22002177a 4500
005 20141016172927.0
007 CD
008 141016b xxu||||| |||| 00| 0 eng d
010 _aDVD-8301
024 _a44560639284
_c499.00
040 _aDPL
082 _aBRI
245 _aD-DAY:The Turning point of WWII
_cSystem Requrement
_hCD/ROM
260 _aDelhi
_bBRI
_c2013
270 _aA-41,Ground Floor.(L-2) Mohan Cooperative,Main Mathura Road,
_bNew Delhi
_dIndia
300 _b1 disc
440 _aProfiles Series
500 _aDozens of vivid photos of the solders and the generals tell the story in a way only picture can.
942 _2ddc
_cCF
_mBRI
999 _c89375
_d89375